Competent to manage /

This book is divided into three parts: The context: a crisis in management training in the UK; What education and training do our managers need?: performance and competence; and What is to be done?

Na minha lista:
Detalhes bibliográficos
Autor principal: Silver, Mick (M. S.), 1951-
Formato: Livro
Idioma:English
Publicado em: London ; New York : Routledge, 1991.
Assuntos:
Tags: Adicionar Tag
Sem tags, seja o primeiro a adicionar uma tag!
Thư viện lưu trữ: Mạng thư viện Đại học Đà Nẵng
LEADER 01111cam a2200349 i 4500
001 000049193
003 8926
005 20051111142719.0
008 010321b1991 vm 000 eng
020 |a 0415037336 
040 |a IRC  |c IRC  |d IRC 
041 0 |a eng 
082 1 4 |a 658.4071240941  |b SI-M 
100 1 |a Silver, Mick (M. S.),  |d 1951- 
245 0 0 |a Competent to manage /  |c Mick Silver. 
260 |a London ; New York :  |b Routledge,  |c 1991. 
300 |a xxiv, 266 p. ;  |c 21.5cm. 
520 3 |a This book is divided into three parts: The context: a crisis in management training in the UK; What education and training do our managers need?: performance and competence; and What is to be done? 
630 0 4 |a Management. 
630 0 4 |a Executives. 
650 0 4 |a Executives  |x Training of  |z Great Britain. 
650 0 4 |a Management  |x Study and teaching  |z Great Britain. 
OWN |a DUT 
999 |a From the UDN01 
TYP |a Monograph 
TYP |a Printed language 
980 |a Mạng thư viện Đại học Đà Nẵng